Nederlandse gemeenten die beginnen met een G - Statistieken

Algemene statistieken
  • Deze quiz is 59 keer genomen
  • De gemiddelde score is 9 van 13
Antwoordstatistieken
Nr. Antwoord % Correct
10 Gorinchem
95%
7 Goes
86%
12 Groningen
86%
1 Geertruidenberg
81%
4 Gennep
76%
11 Gouda
76%
2 Geldrop-Mierlo
67%
3 Gemert-Bakel
67%
8 Goirle
57%
9 Gooise Meren
52%
6 Goeree-Overflakkee
48%
13 Gulpen-Wittem
48%
5 Gilze en Rijen
33%
Geen overeenkomende quizzen gevonden
Scoreverdeling
Procent van Mensen met Elke Score
Percentiel versus Aantal Correcte Antwoorden
Uw Scoregeschiedenis
U heeft deze quiz nog niet genomen